[Event "COL-chT"]
[Site "Risaralda"]
[Date "2023.11.21"]
[Round "4.4"]
[White "Torres, Jorge Emilio"]
[Black "Caballero Marrugo, David Jose"]
[Result "1-0"]
[WhiteElo "1981"]
[BlackElo "2192"]
[PlyCount "123"]
[EventDate "2023.11.19"]
[EventType "team-swiss"]
[EventRounds "7"]
[EventCountry "COL"]
[SourceTitle "CB49_2023"]
[SourceDate "2023.12.06"]
[SourceVersion "1"]
[SourceVersionDate "2023.12.06"]
[SourceQuality "1"]
[WhiteTeam "Caldas"]
[BlackTeam "Bolivar"]
[WhiteTeamCountry "COL"]
[BlackTeamCountry "COL"]

1. d4 g6 2. Nf3 Bg7 3. e3 d6 4. b3 Nf6 5. Bb2 0-0 6. Nbd2 Nbd7 7. Bd3 e5 8. 0-0 Qe7 9. dxe5 dxe5 10. e4 Rd8 11. Qe2 Nh5 12. g3 h6 13. Nc4 a6 14. Ba3 Qe6 15. Ne3 c6 16. Bc4 Qe8 17. Nh4 b5 18. Nxg6 Kh7 19. Ne7 Ndf6 20. Nxc8 Raxc8 21. Bd3 Bf8 22. Bb2 Ng7 23. a4 Bc5 24. axb5 axb5 25. Ra6 Kg8 26. Ng4 Nxg4 27. Qxg4 Rd6 28. Bxe5 Rg6 29. Qh3 Rd8 30. Bxg7 Kxg7 31. Qf5 Bd4 32. Kg2 Qe7 33. f4 c5 34. Rxg6+ fxg6 35. Qg4 c4 36. bxc4 bxc4 37. f5 cxd3 38. Qxg6+ Kf8 39. cxd3 Qf6 40. Qxf6+ Bxf6 41. Rd1 Rd4 42. Kf3 Ke7 43. Ke3 Ra4 44. h4 Be5 45. g4 Ra2 46. g5 h5 47. d4 Ra3+ 48. Rd3 Bf4+ 49. Ke2 Ra1 50. Kf3 Rf1+ 51. Kg2 Re1 52. e5 Bc1 53. e6 Re4 54. d5 Bf4 55. Kf3 Ra4 56. f6+ Kd8 57. d6 Be5 58. d7 Bd4 59. Rb3 Be5 60. Rb5 Bd6 61. Rd5 Kc7 62. Rxd6 1-0

[Event "COL-ch"]
[Site "Cartagena"]
[Date "2023.06.10"]
[Round "6"]
[White "Caballero Marrugo, David Jose"]
[Black "Lora, Joel Fernando"]
[Result "1-0"]
[WhiteElo "1869"]
[BlackElo "2207"]
[PlyCount "81"]
[EventDate "2023.06.08"]
[EventType "swiss"]
[EventRounds "9"]
[EventCountry "COL"]
[SourceTitle "CBM 215 Extra"]
[Source "ChessBase"]
[SourceDate "2023.09.30"]
[SourceVersion "1"]
[SourceVersionDate "2023.09.30"]
[SourceQuality "1"]

1. d4 Nf6 2. Nf3 e6 3. e3 d5 4. Bd3 c5 5. b3 Nc6 6. a3 Bd6 7. Bb2 Qc7 8. c4 0-0 9. dxc5 Bxc5 10. cxd5 Nxd5 11. Bxh7+ Kxh7 12. Ng5+ Kh6 13. Qg4 e5 14. Qh4+ Kg6 15. Qh7+ Kf6 16. Qh4 Bd6 17. e4 Nb6 18. f4 Ke7 19. Nh7+ Ke8 20. Nxf8 Bxf8 21. 0-0 Be6 22. Nc3 Nd4 23. fxe5 Qxe5 24. Kh1 Nxb3 25. Rad1 Nc4 26. Rd5 g5 27. Qf2 Bc5 28. Qc2 Bxd5 29. Nxd5 Nxb2 30. Qxb3 Bd6 31. Nf6+ Kd8 32. g3 b5 33. Qxf7 Qe7 34. Qg8+ Qf8 35. Qb3 Nc4 36. Qxb5 Nb6 37. e5 Bc7 38. Nd5 Qxa3 39. e6 Bd6 40. Nxb6 axb6 41. Qd7# 1-0

[Event "COL-chT"]
[Site "Santa Marta"]
[Date "2022.11.04"]
[Round "5.3"]
[White "Gomez Barrero, Sergio"]
[Black "Caballero Marrugo, David Jose"]
[Result "0-1"]
[WhiteElo "1973"]
[BlackElo "1747"]
[PlyCount "54"]
[EventDate "2022.11.02"]
[EventType "team-swiss"]
[EventRounds "7"]
[EventCountry "COL"]
[SourceTitle "CBM 211 Extra"]
[Source "ChessBase"]
[SourceDate "2023.01.31"]
[SourceVersion "1"]
[SourceVersionDate "2023.01.31"]
[SourceQuality "1"]
[WhiteTeam "Caqueta"]
[BlackTeam "Bolivar"]
[WhiteTeamCountry "COL"]
[BlackTeamCountry "COL"]

1. e4 d6 2. d4 g6 3. Bd3 Bg7 4. c3 Nd7 5. Be3 Ngf6 6. Nd2 e5 7. Ne2 Ng4 8. Nf1 0-0 9. h3 Nxe3 10. Nxe3 exd4 11. Nxd4 Nc5 12. 0-0 Re8 13. f3 Qg5 14. f4 Qd8 15. f5 c6 16. fxg6 fxg6 17. Qc2 Qg5 18. Rf3 Ne6 19. h4 Qxh4 20. Ndf5 Qd8 21. Bc4 Kh8 22. Rd1 gxf5 23. Nxf5 Ng5 24. Rg3 Bxf5 25. exf5 Bf6 26. Be6 Nxe6 27. fxe6 Rxe6 0-1

[Event "COL-chT Blitz"]
[Site "Santander"]
[Date "2022.09.10"]
[Round "3.3"]
[White "Hernandez Jimenez, Jeronimo"]
[Black "Caballero Marrugo, David Jose"]
[Result "0-1"]
[WhiteElo "2008"]
[BlackElo "1898"]
[PlyCount "166"]
[EventDate "2022.09.10"]
[EventType "team-swiss (blitz)"]
[EventRounds "9"]
[EventCountry "COL"]
[SourceTitle "EXT 2023"]
[Source "ChessBase"]
[SourceDate "2022.10.05"]
[SourceVersion "1"]
[SourceVersionDate "2022.10.05"]
[SourceQuality "1"]
[WhiteTeam "Cundinamarca"]
[BlackTeam "Bolivar"]
[WhiteTeamCountry "COL"]
[BlackTeamCountry "COL"]

1. c4 g6 2. d4 Bg7 3. Nc3 d6 4. g3 Nd7 5. Bg2 e5 6. Nf3 exd4 7. Nxd4 Ngf6 8. 0-0 0-0 9. e4 Ne5 10. b3 Bd7 11. h3 Nc6 12. Be3 Qc8 13. Kh2 Re8 14. Rc1 a6 15. Qd2 Qd8 16. Rce1 Rf8 17. f4 Rb8 18. a4 Nh5 19. Nd5 Nf6 20. Nc3 Nh5 21. Bf3 Nf6 22. g4 Kh8 23. g5 Ne8 24. Nd5 f6 25. h4 Qc8 26. Kg3 f5 27. exf5 Bxf5 28. Nxc6 bxc6 29. Ne7 Qd7 30. Nxc6 Rxb3 31. Nd4 Rd3 32. Qf2 c5 33. Nxf5 Qxf5 34. Kg2 Nc7 35. Rd1 Ne6 36. Rxd3 Qxd3 37. Rd1 Qf5 38. Qg3 Nd4 39. Bxd4 cxd4 40. Re1 Qc5 41. Bd5 Rb8 42. Re2 Qb4 43. Qd3 Qc3 44. Rd2 Qxd3 45. Rxd3 Rb2+ 46. Kf3 Rb4 47. Ra3 h6 48. Ke4 h5 49. Bf7 Kh7 50. Bd5 Kh8 51. a5 Kh7 52. f5 gxf5+ 53. Kxf5 Rb1 54. Rf3 Rd1 55. g6+ Kh6 56. Bb7 d3 57. Ke4 d2 58. Kd3 Rb1 59. Kxd2 Rxb7 60. Rd3 Be5 61. Rd5 Kxg6 62. c5 Rd7 63. Ke3 Kf6 64. Ke4 Ke6 65. cxd6 Bxd6 66. Rxh5 Rf7 67. Rh6+ Rf6 68. Rh7 Rf4+ 69. Kd3 Ra4 70. Rh5 Kd7 71. Kc3 Kc6 72. Kb3 Rf4 73. Rg5 Rxh4 74. Rf5 Rb4+ 75. Kc3 Rb5 76. Rxb5 Kxb5 77. Kb3 Kxa5 78. Ka2 Kb4 79. Kb2 a5 80. Ka2 a4 81. Kb1 Be5 82. Ka2 a3 83. Kb1 Kb3 0-1

[Event "COL-ch U20"]
[Site "Barranquilla"]
[Date "2022.07.07"]
[Round "2"]
[White "Caballero Marrugo, David Jose"]
[Black "Hernandez, Jeronimo"]
[Result "0-1"]
[WhiteElo "1759"]
[BlackElo "2141"]
[PlyCount "76"]
[EventDate "2022.07.06"]
[EventType "swiss"]
[EventRounds "9"]
[EventCountry "COL"]
[SourceTitle "EXT 2023"]
[Source "ChessBase"]
[SourceDate "2022.10.05"]
[SourceVersion "1"]
[SourceVersionDate "2022.10.05"]
[SourceQuality "1"]

1. Nf3 Nf6 2. c4 e6 3. e3 d5 4. Nc3 Be7 5. b3 0-0 6. Bb2 c5 7. cxd5 exd5 8. d4 Be6 9. Rc1 Nbd7 10. Bd3 c4 11. bxc4 dxc4 12. Bb1 Bg4 13. Qc2 Bh5 14. Nh4 Bg6 15. Nxg6 hxg6 16. h4 Qa5 17. Kf1 Rfe8 18. h5 gxh5 19. e4 Ba3 20. Bxa3 Qxa3 21. e5 Nxe5 22. dxe5 Rxe5 23. Ne2 b5 24. Nf4 Rae8 25. Rh3 Qe7 26. g3 g6 27. Qc3 Ng4 28. Kg2 Qb7+ 29. Qf3 Qxf3+ 30. Kxf3 Rd8 31. Rc2 Rd1 32. Rb2 c3 33. Rb4 Ree1 34. Be4 Ne5+ 35. Kg2 c2 36. Ne2 c1Q 37. Nxc1 Rg1+ 38. Kh2 Ng4# 0-1

[Event "COL pre olympic sf3"]
[Site "Cartagena"]
[Date "2019.08.15"]
[Round "2"]
[White "Caballero Marrugo, David Jose"]
[Black "Giraldo, Nelson Argiro"]
[Result "1-0"]
[WhiteElo "1690"]
[BlackElo "1600"]
[PlyCount "52"]
[EventDate "2019.08.14"]
[EventType "swiss"]
[EventRounds "10"]
[EventCountry "COL"]
[SourceTitle "EXT 2020"]
[Source "ChessBase"]
[SourceDate "2019.10.17"]
[SourceVersion "1"]
[SourceVersionDate "2019.10.17"]
[SourceQuality "1"]

1. e4 e5 2. Nf3 Nf6 3. Nc3 Bb4 4. Bc4 0-0 5. d3 d5 6. exd5 Nxd5 7. Bd2 Nxc3 8. bxc3 Bxc3 9. Bxc3 Nc6 10. 0-0 Bg4 11. h3 Bh5 12. Qe2 Bxf3 13. Qxf3 Qd6 14. Rab1 Rab8 15. Rfe1 Nd4 16. Bxd4 Qxd4 17. Rxb7 Rxb7 18. Qxb7 Qc5 19. Qd5 Qxd5 20. Bxd5 Re8 21. f4 Kf8 22. Rxe5 Rxe5 23. fxe5 Ke7 24. Kf2 f6 25. e6 c6 26. Bxc6 Kxe6 1-0

[Event "COL-ch U16"]
[Site "Cali"]
[Date "2019.06.24"]
[Round "9.2"]
[White "Caballero Marrugo, David Jose"]
[Black "Tobar Beltran, Jorge Esteban"]
[Result "1/2-1/2"]
[WhiteElo "1729"]
[BlackElo "1683"]
[PlyCount "22"]
[EventDate "2019.06.19"]
[EventType "tourn"]
[EventRounds "9"]
[EventCountry "COL"]
[SourceTitle "CBM 191 Extra"]
[Source "ChessBase"]
[SourceDate "2019.09.30"]
[SourceVersion "1"]
[SourceVersionDate "2019.09.30"]
[SourceQuality "1"]

1. e4 e6 2. Nf3 d5 3. exd5 exd5 4. d4 Bd6 5. Bd3 Ne7 6. 0-0 0-0 7. Ng5 Bf5 8. Bxf5 Nxf5 9. Qh5 h6 10. Qg4 Qf6 11. Nf3 Nc6 1/2-1/2

[Event "COL-ch U16"]
[Site "Cali"]
[Date "2019.06.23"]
[Round "7.3"]
[White "Caballero Marrugo, David Jose"]
[Black "Guarin Fonseca, Nobel Alfredo"]
[Result "1-0"]
[WhiteElo "1729"]
[BlackElo "1448"]
[PlyCount "30"]
[EventDate "2019.06.19"]
[EventType "tourn"]
[EventRounds "9"]
[EventCountry "COL"]
[SourceTitle "CBM 191 Extra"]
[Source "ChessBase"]
[SourceDate "2019.09.30"]
[SourceVersion "1"]
[SourceVersionDate "2019.09.30"]
[SourceQuality "1"]

1. e4 e6 2. d4 d5 3. e5 c5 4. c3 Nc6 5. Nf3 Bd7 6. Be2 Qb6 7. a3 Rc8 8. 0-0 a6 9. b4 cxd4 10. cxd4 Nge7 11. Bb2 Nf5 12. Kh1 Be7 13. Nc3 0-0 14. Na4 Qa7 15. Rc1 Ncxd4 1-0

[Event "COL-ch U16"]
[Site "Cali"]
[Date "2019.06.21"]
[Round "4.2"]
[White "Arciniegas Castro, Santiago"]
[Black "Caballero Marrugo, David Jose"]
[Result "1/2-1/2"]
[WhiteElo "1881"]
[BlackElo "1729"]
[PlyCount "47"]
[EventDate "2019.06.19"]
[EventType "tourn"]
[EventRounds "9"]
[EventCountry "COL"]
[SourceTitle "CBM 191 Extra"]
[Source "ChessBase"]
[SourceDate "2019.09.30"]
[SourceVersion "1"]
[SourceVersionDate "2019.09.30"]
[SourceQuality "1"]

1. e4 e6 2. d3 d5 3. Nd2 b6 4. g3 Bb7 5. Bg2 Nc6 6. Ngf3 Qd7 7. 0-0 0-0-0 8. c3 dxe4 9. dxe4 Nf6 10. Qe2 h5 11. b4 Ng4 12. Nb3 Nce5 13. Nbd4 Nxf3+ 14. Nxf3 Qd3 15. Qxd3 Rxd3 16. Ng5 Rxc3 17. Nxf7 Rg8 18. f3 Nf6 19. Bh3 Bxb4 20. Bb2 Rc6 21. Ne5 Rd6 22. Nc4 Rc6 23. Ne5 Rd6 24. Nc4 1/2-1/2

[Event "COL-ch U16"]
[Site "Cali"]
[Date "2019.06.19"]
[Round "1.5"]
[White "Riscanevo, Camilo Andres"]
[Black "Caballero Marrugo, David Jose"]
[Result "0-1"]
[WhiteElo "1671"]
[BlackElo "1729"]
[PlyCount "45"]
[EventDate "2019.06.19"]
[EventType "tourn"]
[EventRounds "9"]
[EventCountry "COL"]
[SourceTitle "CBM 191 Extra"]
[Source "ChessBase"]
[SourceDate "2019.09.30"]
[SourceVersion "1"]
[SourceVersionDate "2019.09.30"]
[SourceQuality "1"]

1. d4 Nf6 2. Bg5 e6 3. e4 d6 4. Bd3 Be7 5. Ne2 h6 6. Bxf6 Bxf6 7. c3 0-0 8. 0-0 e5 9. d5 Nd7 10. c4 Nc5 11. b4 Nxd3 12. Qxd3 Bh4 13. Nd2 f5 14. f3 f4 15. g3 Qg5 16. Kf2 Bh3 17. Rg1 Qh5 18. Nc3 fxg3+ 19. hxg3 Bg5 20. Rad1 Bxd2 21. Rxd2 Bg4 22. f4 exf4 23. Ke1 0-1

[Event "COL-ch sf2 U16"]
[Site "Bocagrande"]
[Date "2019.05.11"]
[Round "5.1"]
[White "Hernandez, Jeronimo"]
[Black "Caballero Marrugo, David Jose"]
[Result "0-1"]
[WhiteElo "1857"]
[BlackElo "1697"]
[PlyCount "50"]
[EventDate "2019.05.09"]
[EventType "swiss"]
[EventRounds "6"]
[EventCountry "COL"]
[SourceTitle "EXT 2024"]
[Source "ChessBase"]
[SourceDate "2023.10.10"]
[SourceVersion "1"]
[SourceVersionDate "2023.10.10"]
[SourceQuality "1"]

1. c4 c5 2. Nc3 Nc6 3. g3 Nf6 4. Bg2 e6 5. Nf3 d5 6. cxd5 exd5 7. d4 Be6 8. 0-0 Be7 9. dxc5 Bxc5 10. e3 0-0 11. a3 Rc8 12. b4 Bb6 13. Bb2 d4 14. exd4 Nxd4 15. Nxd4 Bxd4 16. Na4 Bxb2 17. Nxb2 Bd5 18. Qd3 Bxg2 19. Kxg2 Qxd3 20. Nxd3 Rfd8 21. Rac1 Kf8 22. Rxc8 Rxc8 23. Rc1 Rxc1 24. Nxc1 Ke7 25. Kf3 Kd6 0-1